MDQL
is popping MORE tags! Check the
thread
!
Quizzes
Events
Quiz Creation
Community
Videos
Private Events
Remove Ads
Sign In
Join for FREE
Feedback
Dark Mode
Quiz Categories
Sports
Geography
Music
Movies
Television
Just For Fun
Miscellaneous
History
Literature
Language
Science
Gaming
Entertainment
Religion
Holiday
For Kids
Quiz Lab
Recent
Popular Today
Quiz Kudos Today
Editor Picks
Curator Picks
Quizzes by...
Day
Popularity
Type
Ratings
Length
Year
Community
Subscriptions
Recent Discussions
Orange Saloon
Badges
Playlists
Quests
Create
Leaderboards
Showdown
Live 5
Trivia Bingo
Activity
Puzzle Library
Sporcle Events
Private Events
Virtual Trivia
Globe League
Become a Host
Pub Owners
SporcleCon
Opinionation
Our Games
Videos
Blog
Mobile Apps
Partnerships
Remove Ads and Go Orange
Feedback
Music
Pop Music
The Beatles
Song
Album
Lyrics
Bands
Singers
Artist
Clip
Rock
Rap
Classical
Billboard
Country Music
Kpop
Taylor Swift
Music
Pop Music
The Beatles
Song
Album
Lyrics
Bands
Singers
Artist
Clip
Rock
Rap
Classical
Billboard
Country Music
Kpop
Taylor Swift
Random Quiz
Search Sporcle
×
Quiz Lab
Quiz Lab
Music
Bands
Type in answers that appear in a list
Type in answers that appear in a list
Classic
Best Score? Go Orange.
Musicians A to Z II Stats
Can you name the musicians from a three-word max. clue?
By
the_hmh_project
4m
26 Questions
154 Plays
154 Plays
154 Plays
Comments
Comments
Give Quiz Kudos
Give Quiz Kudos
-
- Ratings
hide this ad
More Info
Replay
Link that replays current quiz
Next Quiz
Link to next quiz in quiz playlist
You Got
0%
They Got
Avg Score
46%
Avg Friend Score
Upgrade to see
Score Distribution
Jump to the score distribution portion of the page
Score
0/26
Timer
04:00
0
Plays Today
Word
Musician/Band
% Correct
Ice Ice Baby
Vanilla Ice
91.6%
Bono
U2
90.9%
Under Pressure (Either of 2 Artists)
Queen or David Bowie
85.1%
Wonderwall
Oasis
81.2%
Papa Don't Preach
Madonna
77.9%
Ginger Spice
The Spice Girls
76%
Take on Me
A-Ha
72.1%
Chasing Cars
Snow Patrol
66.9%
Luftballons
Nena
58.4%
Quadrophenia
The Who
55.2%
Human (Either of 2 Artists)
The Killers or The Human League
48.1%
Ziggy's Father
Bob Marley
44.8%
Meteora
Linkin Park
38.3%
Word
Musician/Band
% Correct
Rainy Day Women
Bob Dylan
33.1%
Enjoy the Silence
Depeche Mode
31.8%
Jigga What
Jay-Z
30.5%
Vienna (Either of 2 Artists)
Ultravox or Billy Joel
29.2%
Oh So Quiet
Björk
27.9%
Yellow Ledbetter
Pearl Jam
26.6%
Autotune App
T-Pain
23.4%
Knock You Down
Keri Hilson
23.4%
X Factor 2007*
Leona Lewis
22.1%
Starstrukk (Either of 2 Artists)
3OH!3 or Katy Perry
19.5%
Fear of Dark
Iron Maiden
18.8%
Naïve
The Kooks
17.5%
Disposable Teens
Marilyn Manson
15.6%
Quiz Playlist
Details
Report
Send in Message
Add To Playlist
More Info:
*The UK Version of the show.
Classic:
Type in answers that appear in a list
Quiz Source
Last Updated: Feb 16, 2017
Quiz Scoreboard
CHALLENGE
Sign Up to Join the Scoreboard
Show All
Scores
Hide
Comments
May contain spoilers
Recently Published
Image Sorting: Flags VI
by Barbecue
Geography
2m
Find the 'City' Movie
by crazypaving
Movies
60s
Colored Red Africa Blitz
by spor1
Geography
45s
More to Explore
Quiz From the Vault
Featured Blog Post
14 Easter Pick-up Lines to Find Eggs With
hide this ad
You Might Also Like...
Tags
Bands Quiz
3-word
Max
Musician
Today's Top Quizzes in Music
Browse Music
hide this ad
Today's Top Quizzes in Bands
Browse Bands
Top Contributed Quizzes in Music
1
5X2 Blitz: Bands II
2
5X2 Blitz: The Beatles
3
Taylor Swift All Songs (2024)
4
5X2 Blitz: Billboard
5
5X2 Blitz: Billboard II
6
5X2 Blitz: Album
7
Taylor Swift Logic Puzzle II
8
5X2 Blitz: Singers
9
5X2 Blitz: Rock
10
5X2 Blitz: Lyrics
Explore More
Trending Topics
Anime
Marvel
NBA
Disney
Harry Potter
Kpop
Crossword
Country
WWE
Song
The Office
NFL
Puzzle
Pokémon
Soccer
hide this ad
More By:
the_hmh_project
Quiz
Plays
Rating
Category
Featured
Created
Clickable Hits of the 2000s
185,281
4.59
Music
Apr 14, 2012
Clickable Hits of the 1990s
126,449
4.69
Music
Apr 17, 2012
Shakespeare or Hip-Hop?
119,968
4.52
Literature
Aug 10, 2012
Five Album Frenzy
50,552
4.35
Music
Mar 16, 2012
Combination Lock: Albums of the '00s
19,523
4.03
Music
Aug 26, 2011
Go to Creator's Profile
Score Distribution
Quiz Creator Spotlight
the_hmh_project
Follow
Send a Message
Quizzes Created
-
Created Quiz Play Count
-
More By This Creator
Popular Quizzes Today
1
Colored Red Africa Blitz
2
Find the US States - No Outlines Minefield
3
Find the 'City' Movie
4
5x2 Blitz: Bands
5
The Countries of the World
6
Find the US States
7
Find the Countries of Europe - No Outlines Minefield
8
US States
More Music Quizzes
Top 100 Songs of 1985 by ANY Word
Curator's Pick
Trending Quizzes
Colored Red Europe Blitz I
Colored Red Europe Blitz II
Colored Red Africa Blitz II
Colored Red Europe Blitz III
Colored Red Africa Blitz III
Recently Updated
How Do You Spell That?
pecheneg
Godzilla Movies
pecheneg
Grab Bag: 4-10 Letters
pecheneg
2024 March Madness Bracket
pecheneg
Famous TV Couples
Peacemaker
Champions League XIs: Real Madrid
pecheneg
Largest US Cities 1790-2010
pecheneg
Rides in Walt Disney World
pecheneg
Most Oscar Losses (Acting)
pecheneg
Beyoncé Albums
pecheneg
Trending Topics
NBA
Anime
Crossword
Disney
Harry Potter
Kpop
Marvel
Song
WWE
NFL
Soccer
Puzzle
The Office
Country
Pokémon
Your Account Isn't Verified!
In order to create a playlist on Sporcle, you need to verify the email address you used during registration. Go to your
Sporcle Settings
to finish the process.
Report this User
Report this user for behavior that violates our
Community Guidelines
.
Details:
Send Report
Go to the Sporcle.com Mobile Site →
Comments